| 000 | 01003nam a2200277Ia 4500 | ||
|---|---|---|---|
| 005 | 20190903100655.0 | ||
| 008 | 130821s2017 ck gr spa | ||
| 020 | _a9789583511431 (7a.Ed.) | ||
| 020 | _a9789583509490 (6a.Ed.) | ||
| 020 | _a9789583508417 (5a.Ed.) | ||
| 040 |
_aCo-BoUCM _bspa _cSaul Niño (Modificó) _d[Nuevo] |
||
| 041 | 0 | 0 | _aspa |
| 100 | 1 |
_aGil Botero, Enrique _939596 |
|
| 245 | 1 | 0 |
_aResponsabilidad extracontractual del Estado _cEnrique Gil Botero |
| 250 | _aSéptima edición | ||
| 260 |
_aBogotá (Colombia) _bTemis _c2017 |
||
| 300 | _axxv, 886 páginas | ||
| 504 | _aIncluye referencias bibliográficas e índices | ||
| 650 | 1 | 7 |
_aDerecho administrativo _912695 _xContratos |
| 650 | 2 | 7 |
_aResponsabilidad administrativa _923667 |
| 650 | 2 | 7 |
_aResponsabilidad extracontractual _923678 |
| 650 | 2 | 7 |
_923675 _aResponsabilidad del Estado |
| 690 |
_aDerecho administrativo _912695 |
||
| 942 |
_cLIBRO _a8 _e7 _mG463r _2DEWEY _h342.088 |
||
| 999 |
_c37168 _d37168 |
||